[Event "Michigan Class B"]
[Site "Auburn Hills"]
[Date "2005.01.16"]
[Round "5.8"]
[White "Carr, Jay A"]
[Black "Carter, Ashley"]
[Result "0-1"]
[WhiteElo "1600"]
[BlackElo "1744"]
[PlyCount "90"]
[EventDate "2005.01.15"]
[EventType "swiss"]
[EventRounds "5"]
[EventCountry "USA"]
[SourceTitle "EXT 2006"]
[Source "ChessBase"]
[SourceDate "2005.11.24"]
[SourceVersion "1"]
[SourceVersionDate "2005.11.24"]
[SourceQuality "1"]

1. c4 c6 2. Nc3 d5 3. d4 Nf6 4. Nf3 Bf5 5. cxd5 cxd5 6. Bf4 e6 7. e3 a6 8. Be2 Bd6 9. Bxd6 Qxd6 10. 0-0 0-0 11. Rc1 Nc6 12. Nh4 Bg6 13. Nxg6 hxg6 14. a3 g5 15. Rc2 g6 16. g3 Kg7 17. f4 gxf4 18. exf4 Ne4 19. Bf3 f5 20. Bg2 Rh8 21. Nxe4 dxe4 22. Rd2 Rad8 23. Kh1 Nxd4 24. Qa4 Qb6 25. Rfd1 Nc6 26. Qc4 Qe3 27. Qc3+ Qxc3 28. bxc3 Rxd2 29. Rxd2 Rd8 30. Rxd8 Nxd8 31. Kg1 Kf6 32. h4 e5 33. Kf2 exf4 34. gxf4 Ne6 35. Ke3 Ke7 36. Bf1 Kd6 37. Be2 Kc5 38. h5 gxh5 39. Bxh5 Ng7 40. Be2 Ne8 41. a4 Nd6 42. Kd2 Nc4+ 43. Ke1 Nb2 44. Bh5 Kd6 45. Kd2 Nxa4 0-1

[Event "Michigan Class B"]
[Site "Auburn Hills"]
[Date "2005.01.15"]
[Round "1.6"]
[White "Carter, Ashley"]
[Black "Aldrich, Justin M"]
[Result "0-1"]
[WhiteElo "1744"]
[BlackElo "1615"]
[PlyCount "86"]
[EventDate "2005.01.15"]
[EventType "swiss"]
[EventRounds "5"]
[EventCountry "USA"]
[SourceTitle "EXT 2006"]
[Source "ChessBase"]
[SourceDate "2005.11.24"]
[SourceVersion "1"]
[SourceVersionDate "2005.11.24"]
[SourceQuality "1"]

1. d4 d5 2. c4 c6 3. Nc3 Nf6 4. e3 Bf5 5. Bd3 Bxd3 6. Qxd3 e6 7. Nf3 Nbd7 8. 0-0 Bd6 9. b3 0-0 10. Bb2 Re8 11. Rad1 e5 12. dxe5 Nxe5 13. Nxe5 Bxe5 14. cxd5 Nxd5 15. Qc4 Qa5 16. Nxd5 Bxb2 17. Nf4 Qf5 18. Rd2 Be5 19. Rfd1 Bxf4 20. exf4 Qf6 21. g3 Rad8 22. Qb4 Rxd2 23. Rxd2 Qa1+ 24. Kg2 Qe1 25. Qd6 g6 26. Qd7 Qe4+ 27. f3 Qe7 28. Qd3 Qe3 29. Qc2 Qe6 30. Qd1 b6 31. Kf1 c5 32. Rd5 Qe3 33. Rd3 Qe6 34. Rd7 Re7 35. Rd6 Qh3+ 36. Kg1 Qf5 37. Rd8+ Kg7 38. Qd6 Qb1+ 39. Kg2 Re2+ 40. Kh3 Qf1+ 41. Kg4 f5+ 42. Kh4 Rxh2+ 43. Kg5 Rh5# 0-1

[Event "Michigan op (Women)"]
[Site "Warren"]
[Date "2004.11.20"]
[Round "1"]
[White "Carter, Ashley"]
[Black "Mathis, Madina"]
[Result "1-0"]
[WhiteElo "1734"]
[BlackElo "746"]
[PlyCount "87"]
[EventDate "2004.11.20"]
[EventType "swiss"]
[EventRounds "5"]
[EventCountry "USA"]
[SourceTitle "EXT 2007"]
[Source "ChessBase"]
[SourceDate "2006.11.23"]
[SourceVersion "1"]
[SourceVersionDate "2006.11.23"]
[SourceQuality "1"]

1. d4 d5 2. c4 c6 3. Nf3 e6 4. e3 Nf6 5. Nc3 Bb4 6. Qc2 Bd7 7. Bd3 0-0 8. 0-0 g6 9. b3 Bxc3 10. Qxc3 Be8 11. Ba3 Nbd7 12. Bxf8 Nxf8 13. Rfe1 N8d7 14. Nd2 Qc7 15. e4 dxe4 16. Bxe4 c5 17. Rad1 Ng4 18. Nf3 Ndf6 19. Bb1 Bc6 20. Ne5 Nxe5 21. dxe5 Ng4 22. h3 Nh6 23. Qe3 Nf5 24. Bxf5 exf5 25. Qxc5 f4 26. Qd6 Qa5 27. Rd2 f3 28. g3 Re8 29. b4 Qa4 30. b5 Re6 31. Qd4 Be8 32. Qc3 a6 33. bxa6 Qxa6 34. Rd6 Rxd6 35. exd6 Qc6 36. Qe3 Bd7 37. c5 Kg7 38. Qc3+ Kh6 39. Re3 Bxh3 40. Rxf3 Bg4 41. Rxf7 Qd5 42. Qg7+ Kg5 43. f4+ Kh5 44. Qxh7# 1-0

[Event "Michigan op (Women)"]
[Site "Warren"]
[Date "2004.11.20"]
[Round "3"]
[White "Carter, Ashley"]
[Black "Swan, Heather"]
[Result "0-1"]
[WhiteElo "1734"]
[BlackElo "1607"]
[PlyCount "61"]
[EventDate "2004.11.20"]
[EventType "swiss"]
[EventRounds "5"]
[EventCountry "USA"]
[SourceTitle "EXT 2007"]
[Source "ChessBase"]
[SourceDate "2006.11.23"]
[SourceVersion "1"]
[SourceVersionDate "2006.11.23"]
[SourceQuality "1"]

1. d4 e6 2. c4 d5 3. Nc3 Nf6 4. e3 Be7 5. Nf3 0-0 6. Bd3 b6 7. 0-0 Ba6 8. b3 Nbd7 9. Qc2 dxc4 10. bxc4 c5 11. d5 Re8 12. e4 Bd6 13. a4 Ng4 14. Nb5 Nde5 15. Nxd6 Qxd6 16. Nxe5 Qxe5 17. f4 Qd4+ 18. Kh1 Qxa1 19. Bb2 Qxf1+ 20. Bxf1 exd5 21. e5 Ne3 22. Qc1 Nxf1 23. Qxf1 Bxc4 24. Qf3 d4 25. Qg3 Rad8 26. f5 Rd5 27. f6 g6 28. h3 Rdxe5 29. Qh4 Rh5 30. Qf4 Bb3 31. Kh2 0-1

[Event "Michigan op (Women)"]
[Site "Warren"]
[Date "2004.11.20"]
[Round "4"]
[White "Peters, Epiphany M"]
[Black "Carter, Ashley"]
[Result "0-1"]
[WhiteElo "891"]
[BlackElo "1734"]
[PlyCount "48"]
[EventDate "2004.11.20"]
[EventType "swiss"]
[EventRounds "5"]
[EventCountry "USA"]
[SourceTitle "EXT 2007"]
[Source "ChessBase"]
[SourceDate "2006.11.23"]
[SourceVersion "1"]
[SourceVersionDate "2006.11.23"]
[SourceQuality "1"]

1. e4 c6 2. d4 d5 3. exd5 cxd5 4. Nc3 Bf5 5. Bf4 e6 6. Nb5 Na6 7. Nf3 Nf6 8. Bd3 Bxd3 9. Qxd3 Ne4 10. 0-0 Qb6 11. Qb3 Be7 12. Qa4 0-0 13. Ne5 Rfd8 14. Rfd1 Rac8 15. Nxa7 Qxa7 16. c3 Qb6 17. Rd3 Qxb2 18. Re1 Rxc3 19. Rf3 Rxf3 20. h3 Rxf2 21. Kh2 Rxg2+ 22. Kh1 Ng3+ 23. Bxg3 Rxg3 24. Rg1 Rxh3# 0-1

[Event "Michigan op (Women)"]
[Site "Warren"]
[Date "2004.11.20"]
[Round "5"]
[White "Tabak, Alla"]
[Black "Carter, Ashley"]
[Result "1-0"]
[WhiteElo "1487"]
[BlackElo "1734"]
[PlyCount "62"]
[EventDate "2004.11.20"]
[EventType "swiss"]
[EventRounds "5"]
[EventCountry "USA"]
[SourceTitle "EXT 2007"]
[Source "ChessBase"]
[SourceDate "2006.11.23"]
[SourceVersion "1"]
[SourceVersionDate "2006.11.23"]
[SourceQuality "1"]

1. c4 c6 2. Nc3 d5 3. d4 Nf6 4. g3 Bf5 5. Bg2 e6 6. Nf3 Nbd7 7. Nh4 Bg6 8. 0-0 Be7 9. b3 Qa5 10. Nxg6 hxg6 11. Qd3 dxc4 12. bxc4 Qh5 13. h3 g5 14. f3 Ng8 15. Be3 Nb6 16. c5 Nd5 17. Nxd5 exd5 18. Rab1 Rb8 19. g4 Qh7 20. Qa3 a6 21. Bf2 f5 22. gxf5 Qxf5 23. Bg3 Rc8 24. Rxb7 Qf6 25. Qe3 Kf8 26. Be5 Qh6 27. Rfb1 Kf7 28. Bd6 Re8 29. R1b6 Qh4 30. Rxc6 Kf8 31. Bxe7+ Nxe7 1-0

[Event "Lansing op"]
[Site "Lansing"]
[Date "2004.09.03"]
[Round "1"]
[White "Asbury, Victor"]
[Black "Carter, Ashley"]
[Result "0-1"]
[WhiteElo "1506"]
[BlackElo "1719"]
[PlyCount "64"]
[EventDate "2004.09.03"]
[EventType "swiss"]
[EventRounds "7"]
[EventCountry "USA"]
[SourceTitle "EXT 2007"]
[Source "ChessBase"]
[SourceDate "2006.11.23"]
[SourceVersion "1"]
[SourceVersionDate "2006.11.23"]
[SourceQuality "1"]

1. c4 c6 2. Nc3 d5 3. cxd5 cxd5 4. d4 Nf6 5. Nf3 Nc6 6. g3 Bf5 7. Bg2 e6 8. 0-0 Be7 9. Bf4 0-0 10. Rc1 a6 11. a3 Na5 12. Nh4 Bg6 13. Nxg6 hxg6 14. Rc2 b5 15. Qc1 Nb3 16. Qb1 Nxd4 17. Rd2 Nb3 18. Rc2 Qb6 19. Rd1 Rac8 20. Be3 d4 21. Bxd4 Nxd4 22. Rcd2 Nc6 23. b4 Rfd8 24. Ne4 Rxd2 25. Rxd2 Ne5 26. Qd1 Nc4 27. Rd3 Nb2 28. Qb1 Nxd3 29. exd3 Qc7 30. h3 Qc1+ 31. Qxc1 Rxc1+ 32. Kh2 Ra1 0-1

[Event "Florida Polgar Inv"]
[Site "Florida"]
[Date "2004.08.11"]
[Round "4"]
[White "Sawyer, Destiny"]
[Black "Carter, Ashley"]
[Result "1/2-1/2"]
[WhiteElo "1560"]
[BlackElo "1745"]
[PlyCount "73"]
[EventDate "2004.08.09"]
[EventType "swiss"]
[EventRounds "6"]
[EventCountry "USA"]
[EventCategory "1"]
[SourceTitle "EXT 2006"]
[Source "ChessBase"]
[SourceDate "2005.11.24"]
[SourceVersion "1"]
[SourceVersionDate "2005.11.24"]
[SourceQuality "1"]

1. e4 c6 2. d4 d5 3. e5 Bf5 4. f4 e6 5. Nf3 Ne7 6. Bd3 Bxd3 7. Qxd3 Nd7 8. 0-0 Qc7 9. b3 c5 10. c4 dxc4 11. Qxc4 Nd5 12. Nc3 Nxc3 13. Qxc3 Rc8 14. Be3 Nb6 15. Qd3 Nd5 16. Bd2 cxd4 17. Nxd4 Bc5 18. Kh1 Bxd4 19. Qxd4 Qc5 20. Qxc5 Rxc5 21. Rac1 Rxc1 22. Rxc1 Kd7 23. g4 h5 24. g5 g6 25. h4 Rc8 26. Rxc8 Kxc8 27. Kg2 Kc7 28. Kf3 Kc6 29. Ke4 Kc5 30. a3 b5 31. Kd3 b4 32. a4 a5 33. Be3+ Kc6 34. Kd4 Nc3 35. Kc4 Ne4 36. Kd4 Ng3 37. Kc4 1/2-1/2

[Event "Kalamazoo op1"]
[Site "Kalamazoo"]
[Date "2003.08.31"]
[Round "2.25"]
[White "Avery, James"]
[Black "Carter, Ashley"]
[Result "1-0"]
[WhiteElo "1033"]
[BlackElo "1271"]
[PlyCount "129"]
[EventDate "2003.08.29"]
[EventType "swiss"]
[EventRounds "7"]
[EventCountry "USA"]
[SourceTitle "EXT 2007"]
[Source "ChessBase"]
[SourceDate "2006.11.23"]
[SourceVersion "1"]
[SourceVersionDate "2006.11.23"]
[SourceQuality "1"]

1. e4 d6 2. Nf3 Nf6 3. Nc3 g6 4. d4 Bg7 5. Be3 0-0 6. Qd3 Nbd7 7. 0-0-0 b6 8. e5 dxe5 9. dxe5 Ng4 10. Rd2 Ngxe5 11. Nxe5 Bxe5 12. f4 Bg7 13. g3 c5 14. Bg2 Rb8 15. Rf1 e6 16. Bc6 Qc7 17. Bxd7 Rd8 18. Nb5 Qxd7 19. Qe2 Qe7 20. Rxd8+ Qxd8 21. Nxa7 Ra8 22. Nxc8 Qxc8 23. a3 Qc6 24. Qf3 Qxf3 25. Rxf3 Rd8 26. Bf2 Kf8 27. Rb3 Bd4 28. Bxd4 cxd4 29. Rxb6 Ke7 30. Rb3 Rd7 31. Rd3 f6 32. c3 e5 33. fxe5 fxe5 34. cxd4 exd4 35. b4 Ke6 36. Kc2 Ke5 37. Rd1 Rc7+ 38. Kd3 Rc3+ 39. Kd2 Rxa3 40. b5 Rb3 41. Re1+ Kd5 42. Re7 Rxb5 43. Rxh7 Kc4 44. Kc2 d3+ 45. Kd2 Rb2+ 46. Ke3 d2 47. Rd7 d1Q 48. Rxd1 Rxh2 49. Rd6 Rh6 50. Kf4 g5+ 51. Ke5 Rxd6 52. Kxd6 Kd4 53. Ke6 Ke4 54. Kf6 g4 55. Kg5 Ke5 56. Kxg4 Ke6 57. Kg5 Kf7 58. g4 Kg7 59. Kh5 Kh7 60. g5 Kh8 61. Kh6 Kg8 62. Kg6 Kh8 63. Kf7 Kh7 64. g6+ Kh8 65. g7+ 1-0

[Event "Kalamazoo op"]
[Site "Kalamazoo"]
[Date "2002.10.19"]
[Round "1.13"]
[White "Carter, Ashley"]
[Black "Blaine, Roger"]
[Result "0-1"]
[WhiteElo "937"]
[BlackElo "1710"]
[PlyCount "96"]
[EventDate "2002.10.19"]
[EventType "swiss"]
[EventRounds "5"]
[EventCountry "USA"]
[SourceTitle "EXT 2007"]
[Source "ChessBase"]
[SourceDate "2006.11.23"]
[SourceVersion "1"]
[SourceVersionDate "2006.11.23"]
[SourceQuality "1"]

1. d4 f5 2. c4 e6 3. Nc3 Nf6 4. e3 Bb4 5. Qc2 b6 6. Nf3 Bb7 7. Be2 Ne4 8. Bd2 Bxc3 9. Bxc3 0-0 10. 0-0 Qe8 11. b4 d6 12. b5 Nd7 13. Nd2 g5 14. h3 Qg6 15. f3 Ng3 16. Rfe1 Nf6 17. Kf2 h5 18. Rac1 h4 19. a4 a5 20. Nf1 Ngh5 21. f4 gxf4 22. Bxh5 Qxh5 23. exf4 Ne4+ 24. Kg1 Qg6 25. Ne3 Qg3 26. Re2 Qxf4 27. Nf1 Kh7 28. Qd1 Rg8 29. Rcc2 Ng5 30. Nd2 Nxh3+ 31. Kh1 Nf2+ 32. Rxf2 Qh6 33. Nf3 Rg3 34. Kh2 Rag8 35. d5 h3 36. Kg1 hxg2 37. Rxg2 Qh3 38. Ne1 e5 39. Bb2 R8g4 40. Rxg3 Qxg3+ 41. Rg2 Qe3+ 42. Kf1 Rf4+ 43. Nf3 Rxf3+ 44. Qxf3 Qxf3+ 45. Kg1 Bc8 46. Kh2 f4 47. Kg1 Bh3 48. Rh2 Qf1# 0-1